Statistiken für Der Erlkönig - fehlende Wörter

Klicken Sie hier um das Quiz zu spielen!

Allgemein

  • Dieses Quiz wurde 238 mal gespielt
  • Das Durchschnittsergebnis liegt bei 11 aus 32

Antwortstatistiken

Der Erlkönig% Korrekt
Es ist der Vater mit seinem {Kind};
100%
Siehst, Vater, du den {Erlkönig} nicht?
78%
Er hat den {Knaben} wohl in dem Arm,
63%
Er fasst ihn {sicher}, er hält ihn warm.
54%
In seinen Armen das Kind war {tot}.
52%
Mein Sohn, was birgst du so {bang} dein Gesicht? -
51%
Wer reitet so spät durch {Nacht} und {Wind}?
48%
Was Erlenkönig mir leise {verspricht}? -
47%
Und bist du nicht willig, so brauch' ich {Gewalt}." -
44%
"Ich {liebe} dich, mich reizt deine schöne Gestalt;
43%
Dem Vater grauset's; er reitet {geschwind},
40%
Sei {ruhig}, bleibe {ruhig}, mein Kind;
38%
In dürren Blättern {säuselt} der Wind. -
35%
Mein Vater, mein Vater, und {hörest} du nicht,
34%
Meine Mutter hat manch {gülden} Gewand." -
32%
Mein Sohn, es ist ein {Nebelstreif}. -
32%
"Du {liebes} Kind, komm, geh mit mir!
31%
Gar {schöne} {Spiele} spiel' ich mit dir;
31%
{Mein} {Vater}, {mein} {Vater}, und siehst du nicht dort
30%
Es scheinen die alten {Weiden} so grau. -
29%
{Mein} {Sohn}, {mein} {Sohn}, ich seh' es genau:
27%
Mein Vater, mein Vater, jetzt {fasst} er mich {an}!
24%
Den Erlenkönig mit {Kron}' und {Schweif}? -
21%
Erlkönig hat mir ein {Leids} getan! -
21%
Erreicht den Hof mit {Mühe} und {Not};
21%
Und {wiegen} und tanzen und singen dich ein." -
21%
"Willst, {feiner} Knabe, du mit mir gehn?
19%
Meine Töchter führen den {nächtlichen} Reihn
17%
Meine Töchter sollen dich {warten} schön;
17%
Er hält in Armen das {ächzende} Kind,
16%
Manch' {bunte} {Blumen} sind an dem Strand,
13%
Erlkönigs Töchter am {düstern} Ort? -
8%

Verteilung der Resultate

Perzentil nach korrekt beantworteten Fragen

Anzahl Personen mit jedem Resultat

Ihre Resultats-Entwicklung

Sie haben dieses Quiz noch nicht gespielt